| 000 | 00390nam a2200157Ia 4500 | ||
|---|---|---|---|
| 008 | 210716s1996 xx 000 0 und d | ||
| 020 | _a9780415062251 | ||
| 041 | _aeng | ||
| 082 | _a174.4 HOSL | ||
| 100 | _aDurkhein, Emile. | ||
| 245 | _aProfessional ethics and civic morals. | ||
| 250 | _a1 | ||
| 260 |
_aLondon _bRoutledge _c1996 |
||
| 300 | _aLxxiv,228 | ||
| 650 | _aBusiness Ethics | ||
| 999 |
_c206496 _d206496 |
||